| 000 | 01381nam a2200349 a 4500 | ||
|---|---|---|---|
| 999 |
_c8109 _d8109 |
||
| 001 | 4465892 | ||
| 003 | OSt | ||
| 005 | 20230322160354.0 | ||
| 008 | 950221s1994 ne b b 100 0 eng d | ||
| 010 | _a 95233833 | ||
| 020 | _a906832084X | ||
| 035 | _a(OCoLC)32026148 | ||
| 040 |
_aMiEM _cMiEM _dDNAL _dDNAL _dIU _dDLC |
||
| 042 | _alccopycat | ||
| 043 | _ad------ | ||
| 050 | 0 | 4 |
_aS539.7 _b.S47 1994 |
| 070 | 0 |
_aS539.7.S47 _b1994 |
|
| 072 | 0 | _aA500 E200 | |
| 082 | _a636.00SET 1994 | ||
| 245 | 0 | 0 |
_aSetting research priorities : _btowards effective farmer-oriented research / _cJ. Douwe Meindertsma, editor. |
| 260 |
_aAmsterdam : _bRoyal Tropical Institute, _cc1994. |
||
| 300 |
_a263 p. : _bmaps ; _c22 cm. |
||
| 440 | 0 |
_aDevelopment oriented research in agriculture _916544 |
|
| 500 | _aThis vol. originated in an international workshop on research management on Dec. 9-13, 1991 in Amsterdam entitled Priority setting in farming systems research and development. | ||
| 504 | _aIncludes bibliographical references. | ||
| 650 | 0 |
_aAgriculture _xResearch _xCongresses. _916545 |
|
| 650 | 0 |
_aAgriculture _xResearch _zDeveloping countries _xCongresses. _916546 |
|
| 700 | 1 |
_aMeindertsma, J. Douwe. _916547 |
|
| 906 |
_a7 _bcbc _ccopycat _d3 _encip _f19 _gy-gencatlg |
||
| 942 |
_2ddc _cO_SHELF |
||